5HLuxD.jpg

KING HENRY VIII SENIOR AND PRIMARY SCHOOL LIBRARY OPAC

Taxi of terror / (Record no. 5427)

000 -LEADER
fixed length control field 01314cam a2200385 a 4500
001 - CONTROL NUMBER
control field 15790126
003 - CONTROL NUMBER IDENTIFIER
control field OSt
005 - DATE AND TIME OF LATEST TRANSACTION
control field 20250918085156.0
008 - FIXED-LENGTH DATA ELEMENTS--GENERAL INFORMATION
fixed length control field 090624r20082000enka 000 1 eng d
010 ## - LIBRARY OF CONGRESS CONTROL NUMBER
LC control number 2009291693
020 ## - INTERNATIONAL STANDARD BOOK NUMBER
International Standard Book Number 9780194234184
Qualifying information pbk.
035 ## - SYSTEM CONTROL NUMBER
System control number 15790126
035 ## - SYSTEM CONTROL NUMBER
System control number (OCoLC)231882068
037 ## - SOURCE OF ACQUISITION
Stock number 52407
Source of stock number/acquisition TVG
040 ## - CATALOGING SOURCE
Original cataloging agency UKM
Transcribing agency UKM
Modifying agency YDXCP
-- BAKER
-- BTCTA
-- OCLCG
-- TVG
-- DLC
-- KH8
042 ## - AUTHENTICATION CODE
Authentication code ukblsr
-- lccopycat
082 04 - DEWEY DECIMAL CLASSIFICATION NUMBER
Classification number 428.6 BUR
Edition number 22
100 1# - MAIN ENTRY--PERSONAL NAME
Personal name Burrows, Phillip,
Relator term author.
245 10 - TITLE STATEMENT
Title Taxi of terror /
Statement of responsibility, etc. Phillip Burrows and Mark Foster.
250 ## - EDITION STATEMENT
Edition statement [New ed.].
260 ## - PUBLICATION, DISTRIBUTION, ETC.
Place of publication, distribution, etc. Oxford ;
-- New York :
Name of publisher, distributor, etc. Oxford University Press,
Date of publication, distribution, etc. c2008.
300 ## - PHYSICAL DESCRIPTION
Extent 40 p. :
Other physical details chiefly col. ill. ;
Dimensions 20 cm.
336 ## - CONTENT TYPE
Content type term text
Content type code txt
Source rdacontent
337 ## - MEDIA TYPE
Media type term unmediated
Media type code n
Source rdamedia
338 ## - CARRIER TYPE
Carrier type term volume
Carrier type code nc
Source rdacarrier
490 0# - SERIES STATEMENT
Series statement Oxford Bookworms Library ; Starter, Thriller & Adventure
650 #0 - SUBJECT ADDED ENTRY--TOPICAL TERM
Topical term or geographic name entry element English language
Form subdivision Textbooks for foreign speakers.
650 #0 - SUBJECT ADDED ENTRY--TOPICAL TERM
Topical term or geographic name entry element Reading comprehension
Form subdivision Problems, exercises, etc.
650 #0 - SUBJECT ADDED ENTRY--TOPICAL TERM
Topical term or geographic name entry element Kidnapping
Form subdivision Fiction.
650 #0 - SUBJECT ADDED ENTRY--TOPICAL TERM
Topical term or geographic name entry element Taxicab drivers
Form subdivision Fiction.
655 #7 - INDEX TERM--GENRE/FORM
Genre/form data or focus term Adventure fiction.
Source of term gsafd
655 #7 - INDEX TERM--GENRE/FORM
Genre/form data or focus term Fiction.
Source of term lcgft
Authority record control number or standard number https://id.loc.gov/authorities/genreForms/gf2014026339
700 1# - ADDED ENTRY--PERSONAL NAME
Personal name Foster, Mark
Dates associated with a name 1961-
Relator term author.
942 ## - ADDED ENTRY ELEMENTS (KOHA)
Source of classification or shelving scheme
Koha item type Teaching Resources
Holdings
Withdrawn status Lost status Source of classification or shelving scheme Damaged status Not for loan Collection code Permanent Location Current Location Shelving location Date acquired Total Checkouts Full call number Barcode Date due Date last seen Date last checked out Copy number Price effective from Koha item type
          Teaching Resources KH8 Senior School Library KH8 Senior School Library Staff Office 2025-09-18 1 428.6 BUR TRKHSL006562 2026-07-03 2025-09-18 2025-09-18 ELP 2025-09-18 Teaching Resources
          Teaching Resources KH8 Senior School Library KH8 Senior School Library Staff Office 2025-09-18 1 428.6 BUR TRKHSL006563 2026-07-03 2025-09-18 2025-09-18 ELP 2025-09-18 Teaching Resources

Powered By KH8 IT Dept